Titles: The (Adjective) (Noun) Quiz Stats

 Plays Quiz Updated Mar 28, 2012

Challenge
Share
Tweet
Embed
Score 0/75 Timer 08:00
0 Plays Today
Answer Piece Title and Author % Correct
TwoThe Two Towers (Tolkien)
88.1%
TowersThe Two Towers (Tolkien)
88.1%
TolkienThe Two Towers (Tolkien)
88.1%
ScarletThe Scarlet Letter (Hawthorne)
85.1%
LetterThe Scarlet Letter (Hawthorne)
85.1%
HawthorneThe Scarlet Letter (Hawthorne)
85.1%
GlassThe Glass Menagerie (Williams)
67.7%
MenagerieThe Glass Menagerie (Williams)
67.7%
WilliamsThe Glass Menagerie (Williams)
67.7%
SecretThe Secret Garden (Burnett)
67%
GardenThe Secret Garden (Burnett)
67%
BurnettThe Secret Garden (Burnett)
67%
SatanicThe Satanic Verses (Rushdie)
65.3%
VersesThe Satanic Verses (Rushdie)
65.3%
RushdieThe Satanic Verses (Rushdie)
65.3%
InvisibleThe Invisible Man (Wells)
58.2%
ManThe Invisible Man (Wells)
58.2%
WellsThe Invisible Man (Wells)
58.2%
LittleThe Little Prince (Saint-Exupéry)
55.4%
PrinceThe Little Prince (Saint-Exupéry)
55.4%
Saint-ExupéryThe Little Prince (Saint-Exupéry)
55.4%
ScarletThe Scarlet Pimpernel (Orczy)
51.1%
PimpernelThe Scarlet Pimpernel (Orczy)
51.1%
OrczyThe Scarlet Pimpernel (Orczy)
51.1%
BlackThe Black Stallion (Farley)
44.3%
StallionThe Black Stallion (Farley)
44.3%
FarleyThe Black Stallion (Farley)
44.3%
SilverThe Silver Chair (Lewis)
34.1%
ChairThe Silver Chair (Lewis)
34.1%
LewisThe Silver Chair (Lewis)
34.1%
IncredibleThe Incredible Journey (Burnford)
32.7%
JourneyThe Incredible Journey (Burnford)
32.6%
BurnfordThe Incredible Journey (Burnford)
32.7%
BlackThe Black Cat (Poe)
28.6%
CatThe Black Cat (Poe)
28.6%
PoeThe Black Cat (Poe)
28.6%
HammettThe Thin Man (Hammett)
27.3%
ThinThe Thin Man (Hammett)
27.3%
Answer Piece Title and Author % Correct
ManThe Thin Man (Hammett)
27.3%
TinThe Tin Drum (Grass)
23.1%
DrumThe Tin Drum (Grass)
23.1%
GrassThe Tin Drum (Grass)
23.1%
MagicThe Magic Mountain (Mann)
18.7%
MountainThe Magic Mountain (Mann)
18.7%
MannThe Magic Mountain (Mann)
18.7%
HairyThe Hairy Ape (O'Neill)
18.2%
O'NeillThe Hairy Ape (O'Neill)
18.2%
ApeThe Hairy Ape (O'Neill)
18.2%
KillerThe Killer Angels (Shaara)
16.3%
AngelsThe Killer Angels (Shaara)
16.3%
ShaaraThe Killer Angels (Shaara)
16.3%
GoldenThe Golden Bough (Frazer)
14.8%
BoughThe Golden Bough (Frazer)
14.8%
FrazerThe Golden Bough (Frazer)
14.8%
BaldThe Bald Soprano (Ionesco)
12.7%
SopranoThe Bald Soprano (Ionesco)
12.7%
IonescoThe Bald Soprano (Ionesco)
12.7%
ImaginaryThe Imaginary Invalid (Molière)
12.4%
InvalidThe Imaginary Invalid (Molière)
12.4%
MolièreThe Imaginary Invalid (Molière)
12.4%
GoodThe Good Soldier (Ford)
11.3%
SoldierThe Good Soldier (Ford)
11.3%
FordThe Good Soldier (Ford)
11.3%
LessingThe Golden Notebook (Lessing)
10.6%
GoldenThe Golden Notebook (Lessing)
10.6%
NotebookThe Golden Notebook (Lessing)
10.6%
CryThe Silent Cry (Ōe)
9.2%
ŌeThe Silent Cry (Ōe)
9.2%
SilentThe Silent Cry (Ōe)
9.2%
OpenThe Open Boat (Crane)
8.3%
BoatThe Open Boat (Crane)
8.3%
CraneThe Open Boat (Crane)
8.3%
FamishedThe Famished Road (Okri)
6.9%
RoadThe Famished Road (Okri)
6.9%
OkriThe Famished Road (Okri)
7%

You're not logged in!

Compare scores with friends on all Sporcle quizzes.
OR
Log In

You Might Also Like...

Show Comments

Extras

Top Quizzes Today


Score Distribution

Your Account Isn't Verified!

In order to create a playlist on Sporcle, you need to verify the email address you used during registration. Go to your Sporcle Settings to finish the process.

Report this User

Report this user for behavior that violates our Community Guidelines.

Details: